LIBRARY & INFORMATION CENTRE, KCAET, TAVANUR

ONLINE PUBLIC ACCESS CATALOGUE (OPAC)

Theory, construction and calculations of agricultural machines, Vol 1 / (Record no. 7315)

MARC details
000 -LEADER
fixed length control field 00625cam a2200229ua 4500
020 ## - INTERNATIONAL STANDARD BOOK NUMBER
ISBN 81-7087-021-6
041 ## - LANGUAGE CODE
Language code of text/sound track or separate title eng
082 ## - DEWEY DECIMAL CLASSIFICATION NUMBER
Classification number 631.3
Item number BOS/TH
100 ## - MAIN ENTRY--AUTHOR NAME
Personal name Bosoi, E S .
245 ## - TITLE STATEMENT
Title Theory, construction and calculations of agricultural machines, Vol 1 /
250 ## - EDITION STATEMENT
Edition statement 1 /
260 ## - PUBLICATION, DISTRIBUTION, ETC. (IMPRINT)
Place of publication New Delhi :
Name of publisher Oxonian Press Pvt Ltd ,
Year of publication 1987.
300 ## - PHYSICAL DESCRIPTION
Number of Pages 314 ; .
700 1# - ADDED ENTRY--PERSONAL NAME
Personal name Smirnov, I I .
700 1# - ADDED ENTRY--PERSONAL NAME
Personal name Sultan-Shak, E G .
700 1# - ADDED ENTRY--PERSONAL NAME
Personal name Verneaev, O V .
942 ## - ADDED ENTRY ELEMENTS (KOHA)
Koha item type Books
Holdings
Withdrawn status Lost status Damaged status Home library Current library Date acquired Full call number Accession Number Koha item type
      KAUAET KAUAET 07/04/2012 631.3 18668 Books
      KAUAET KAUAET 07/04/2012 631.3 18671 Books
free website counter